• 首页
  • 本馆介绍
  • 公告通知
  • 最新文献
  • 馆藏检索
  • 电子资源
  • 读者导购
  • 参考咨询
  • 我的图书馆
  • 登录
  • 详细信息显示
  • 放入我的书架
  • 预约/预借图书
  • 作者相关作品
  • 分类相关作品
  • 丛书相关作品
  • 出版社相关作品

书目信息

  • 表格格式
  • 工作单格式
  • 卡片格式
题名:
红墙知情者说
    
 
作者: 王颖 著
分册: Ⅴ   党内第一次错误斗争反“教条主义”真相
出版信息: 北京   中国青年出版社  2011.4
页数: 274页
开本: 25cm
丛书名:
单 册:
中图分类: I253.1 , K260.6
科图分类:
主题词: 纪实文学--作品集--中国--当代 , 现代史
电子资源:
ISBN: 978-7-5006-8992-8
000 01152nam0 2200301 45
001 1237637528
005 20120619082148.75
010    @a978-7-5006-8992-8@dCNY36.00
100    @a20110822d2011 em y0chiy0120 ea
101 0  @achi
102    @aCN@b110000
105    @aa z 000yy
106    @ar
200 1  @a红墙知情者说@AHong Qiang Zhi Qing Zhe Shuo@hⅤ@i党内第一次错误斗争反“教条主义”真相@IDang Nei Di Yi Ci Cuo Wu Dou Zheng Fan“ Jiao Tiao Zhu Yi” Zhen Xiang@f王颖著@FWang Ying Zhu
210    @a北京@c中国青年出版社@d2011.4
215    @a274页@c图@d25cm
330    @a本书主要内容包括:鲜为人知中美交往事——延安洛杉矶托儿所创办始末;我的父亲毛泽东的最后岁月——毛泽东之女李敏谈她的父亲毛泽东与母亲贺子珍等。
517 1  @a党内第一次错误斗争反“教条主义”真相@ADang Nei Di Yi Ci Cuo Wu Dou Zheng Fan“ Jiao Tiao Zhu Yi” Zhen Xiang
606 0  @a纪实文学@x作品集@y中国@z当代
606 0  @a现代史
607    @a纪实文学
607    @a中国历史
607    @a中国历史@x现代史@x史料
690    @aI253.1@v4
690    @aK260.6@v4
701  0 @a王颖@AWang Ying@4著
801  0 @aCN@bTSTCL@c20120604
905    @b0817627-30@dI253.1@e833:5@f4
    
    红墙知情者说.Ⅴ.党内第一次错误斗争反“教条主义”真相/王颖著.-北京:中国青年出版社,2011.4
    274页:图;25cm
    
    
    ISBN 978-7-5006-8992-8:CNY36.00
    本书主要内容包括:鲜为人知中美交往事——延安洛杉矶托儿所创办始末;我的父亲毛泽东的最后岁月——毛泽东之女李敏谈她的父亲毛泽东与母亲贺子珍等。
●
相关链接 在E读中查询图书 在五车中查询图书 在当当中查询图书 在豆瓣中查询图书


正题名:红墙知情者说     索取号:I253.1/833:5         预约/预借

序号 登录号 条形码 馆藏地/架位号 状态 备注
1 0817627   208176276   第一样本阅览室/ [索取号:I253.1/833:5] 在馆    
2 0817628   208176285   第二借阅区/ [索取号:I253.1/833:5] 在馆    
3 0817629   208176294   第二借阅区/ [索取号:I253.1/833:5] 在馆    
4 0817630   208176301   第二借阅区/ [索取号:I253.1/833:5] 在馆    
唐山师范学院图书馆 欢迎您!
大连网信软件有限公司© 版权所有